Scottish resource centre (Record no. 120869)

MARC details
000 -LEADER
fixed length control field 01027cai a22001815a 4500
001 - CONTROL NUMBER
control field E150387
008 - FIXED-LENGTH DATA ELEMENTS--GENERAL INFORMATION
fixed length control field 100707u xxk g 000 0 eng d
035 ## - SYSTEM CONTROL NUMBER
System control number (Sirsi) u150387
041 0# - LANGUAGE CODE
Language code of text/sound track or separate title eng
110 2# - MAIN ENTRY--CORPORATE NAME
Corporate name or jurisdiction name as entry element Edinburgh Napier University
9 (RLIN) 5868
245 00 - TITLE STATEMENT
Title Scottish resource centre
Remainder of title for women in science, engineering & technology
Medium [electronic resource]
520 ## - SUMMARY, ETC.
Summary, etc. Website for this organisation which seeks to promote gender equality in the science, engineering and technology sectors. Initiatives include piloting equality and diversity training with construction students and apprentices; researching the factors which may affect the progression of ConstructionSkills apprentices; and providing support for female built environment students.
590 ## - LOCAL NOTE (RLIN)
Local note KA
651 #4 - SUBJECT ADDED ENTRY--GEOGRAPHIC NAME
Geographic name Scotland
Chronological subdivision 1999-
690 ## - LOCAL SUBJECT ADDED ENTRY--TOPICAL TERM (OCLC, RLIN)
Topical term or geographic name as entry element MANAGEMENT-BUSINESS MANAGEMENT-DISCRIMINATION-GENDER DISCRIMINATION
856 40 - ELECTRONIC LOCATION AND ACCESS
Uniform Resource Identifier <a href="https://www.napier.ac.uk/randkt/rktcentres/src/Pages/default.aspx">https://www.napier.ac.uk/randkt/rktcentres/src/Pages/default.aspx</a>
Public note View the website free of charge at www.napier.ac.uk/src
942 ## - ADDED ENTRY ELEMENTS (KOHA)
Suppress in OPAC 0
Holdings
Withdrawn status Lost status Source of classification or shelving scheme Damaged status Not for loan Home library Current library Shelving location Date acquired Total Checkouts Full call number Barcode Date last seen Copy number Price effective from Koha item type
    Dewey Decimal Classification     Virtual Virtual Online 07/07/2010   WEBSITE 150387-2001 06/08/2019 1 06/08/2019 Online material